000 01923nam a2200553 i 4500
001 1432
003 KOSZ 005
005 20200624113906.0
008 040519s1975 pl a f 000 0 pol
015 _aUWD 1976/89
035 _a991023343709705066
035 _a(PL-WaBN)b16397095-48omnis_nlop
035 _ab16397095
035 _a(OCoLC)830573032
035 _a(PL)b0000001639709
035 _a(EXLNZ-48OMNIS_NETWORK)9910150415405606
040 _aWA N
_cWA N
_dKOSZ 005/AR
041 1 _apol
_hcze
046 _k1975
080 _a636.2
080 _a69
080 _a631.2
100 1 _aDoležal, Oldřich
_eAutor
245 1 0 _aBezściółkowy chów bydła /
_cOldřich Doležal, Jan Raděj, Robert Zadražil ; [przekład z czeskiego Tadeusz Łencki].
246 1 _iTytuł oryginału:
_aBezstelivové ustájeni skotu,
_f1972
260 _aWarszawa :
_bPaństwowe Wydawnictwo Rolnicze i Leśne,
_c1975.
300 _a253, [3] strony :
_bilustracje ;
_c21 cm.
336 _aTekst
_btxt
_2rdacontent
337 _aBez urządzenia pośredniczącego
_bn
_2rdamedia
338 _aWolumin
_bnc
_2rdacarrier
380 _aKsiążki
380 _aPublikacje fachowe
388 _a1901-2000
388 _a1945-1989
504 _aBibliografia na stronach 253-[254].
650 7 _aBydło domowe
_2DBN
650 7 _aChów zwierząt
_2DBN
650 7 _aBudownictwo inwentarskie
_2DBN
650 7 _aObora
_2DBN
658 _aArchitektura i budownictwo
658 _aRolnictwo i leśnictwo
700 1 _aŁencki, Tadeusz
_eTłumaczenie
700 1 _aRaděj, Jan
_eAutor
700 1 _aZadražil, Robert.
_eAutor
710 _aPaństwowe Wydawnictwo Rolnicze i Leśne
_4pbl
856 _uhttp://koha.tu.koszalin.pl/cgi-bin/koha/opac-detail.pl?biblionumber=1432
_yKatalog online BPK
942 _2UKD
_cKS
999 _c1432
_d1432